000 00421nam a22001697a 4500
005 20160527100018.0
008 160527b xxu||||| |||| 00| 0 eng d
020 _a0-07-058272-6
041 _aeng
082 _b5378
100 _aBacal, Robert
_91347
245 _aManagers Guide to Performance Reviews
260 _aNew Delhi
_bAcademic Faundation
_c2003
300 _a217
650 _aManagement
_9241
942 _cBK
999 _c1912
_d1911